La libertad sindical: incertidumbre de un derecho de los trabajadores
Gorde:
| Egile nagusia: | |
|---|---|
| Formatua: | Liburua |
| Hizkuntza: | gaztelania |
| Argitaratua: |
Santiago
Dirección del Trabajo
2016
|
| Edizioa: | 1a. ed |
| Saila: | Cuaderno de Investigación, 59
|
| Gaiak: | |
| Etiketak: |
Etiketa erantsi
Etiketarik gabe, Izan zaitez lehena erregistro honi etiketa jartzen!
|
MARC
| LEADER | 00000cam a2200000 a 4500 | ||
|---|---|---|---|
| 001 | UCC0367 | ||
| 003 | CL-VaPUC | ||
| 008 | 170811e20160000cl |||||||||||||||||spa|d | ||
| 020 | |a 9789569661501 | ||
| 082 | 0 | 4 | |a 344.018 |b BAL |2 21 |
| 100 | 0 | |a Baltera Santander, Pablo |e author |9 594299 | |
| 245 | 1 | 3 | |a La libertad sindical: incertidumbre de un derecho de los trabajadores |
| 250 | |a 1a. ed | ||
| 300 | |a 100 p | ||
| 942 | |c BK | ||
| 945 | |d 20170811 15:21:00 |a dcastane | ||
| 260 | |a Santiago |b Dirección del Trabajo |c 2016 | ||
| 650 | 7 | |a SINDICALISMO |2 CL-VaPUC |9 594300 | |
| 650 | 0 | |a Sindicatos |9 255034 | |
| 650 | 7 | |a DERECHO LABORAL |2 CL-VaPUC |9 15 | |
| 650 | 0 | |a Libertad sindical |9 387480 | |
| 583 | |a last modification |c 20170811 15:21:00 |k Rodrigo Vera | ||
| 490 | 0 | |a Cuaderno de Investigación, 59 | |
| 999 | |c 369219 |d 369217 | ||
| 952 | |0 0 |1 0 |3 erb |4 0 |6 344_018000000000000_BAL_2016 |7 0 |8 A |9 484823 |a BIBDER |b BIBDER |i 5413370 |o 344.018 BAL 2016 |p 5413370 |r 2023-01-25 |w 2019-11-24 |y BK |z Catalogado en:20170811 |k DER | ||